000 01006cam a22003257a 4500
003 CHAP
005 20220817043538.0
008 990603d1997 it rn 00110 fre d
010 _a78118
011 _a79090
020 _a9252039740
035 _a89242
040 _cCHAP
082 0 4 _a338.9
_bF3f 1996-97
110 2 _aFAO
245 0 _aRapport sur les marchés des produits :
_b1996-97
_c/par FAO
260 _aRome :
_bFAO,
_c1997.
300 _a90 p.
590 _aBATCH-UPD
_b10
_c20130110
_lUCH01
_h1657
590 _aBATCH-UPD
_b10
_c20130410
_lUCH01
_h1045
590 _aBATCH-UPD
_b10
_c20130914
_lUCH01
_h1940
590 _aCONVERSION
_b10
_c20130109
_lUCH01
_h1343
650 1 4 _aProductos agrícolas
_xEstadísticas.
_991939
650 1 4 _aProductos agrícolas
_xMercadeo.
_991951
650 1 4 _aProductos agrícolas
_xPrecios.
_992004
901 _aBK
905 _aLilia Sánchez G.
942 _cLIBRO
949 _a338.9 F3f 1996-97
_bBC
_cFAO
_d33724000724993
_eFAO1
_h95581
_i89242
_kDonaciØn
_sb
999 _c78118
_d78118